000 00869nas a2200253 4500
001 BR0102341
003 BR-BrBNA
005 20231205103433.0
007 ta
008 230509b bl.|||p| |||| 00| 00por d
040 _aBR-BrBNA
_bpor
_cBiblioteca Nacional de Agricultura
041 _a(En)
072 _aH10
100 1 _aBueno, V.H.P.
100 1 _aGutierrez, A.P.
100 1 _aScorza Junior, R.P.
245 1 _aParasitoids and hiperparasitoids associated with Acyrthosiiphon pisum (Harris)and Acyrthosiphon kondoi Shinji (Homoptera: Aphididae)in alfafa (Medicago sativa L.)in Albany, California, USA
650 _aALFAFA
650 _aAFÍDEO
650 _aPARASITOSE
773 0 _tCiência e Agrotecnologia (Brazil)
_xISSN 1413-7054
_g(Apr-Jun 1996), v. 20(2) p. 191-197
_wBR0102341
909 _a202311
_bLúcia
_c55
_dLúcia Elande
942 _2AGRIS
_n0
_cANA
999 _c172848
_d172848